Statistics for Burger King Ad Songs #1: Full Lyrics

Click here to take the quiz!

General Stats

  • This quiz has been taken 5 times
  • The average score is 4 of 14

Answer Stats

Answer% Correct
Junior double ______ _______Triple Whopper
75%
1. WHOPPER WHOPPER
Whopper Whopper ______ _______
Whopper Whopper
75%
2. CHICKEN CHICKEN
Chicken Chicken _______ _______
Chicken Chicken
50%
You Rule, you're seizin' the day,
At BK, have it your way
___ ____!
You Rule!
50%
Impossible or Bacon Whopper, ___ _______ __ ___Any Whopper my Way
25%
You Rule, you'e seizin' the day,
At BK, ____ __ ____ ___
You Rule!
Have it Your Way
25%
I Rule This Day.
Lettuce, mayo, pickle, ketchup
___ ____ __ _ ____ ____ ____
It's Okay If I don't Want That
25%
Flame-grllled taste with _______ _______Perfect Toppers
25%
Italian Spicy _____ _______Bacon Chicken
0%
Sauce It up and top it with mozz,
_______ __ ___
Chicken My Way
0%
Take One Bite and It starts clickin'
_____ __ __ ___
Crown Up My Day
0%
Toasted Bun, I taste the Royal Sauce
Got Me Buzzin', __ ___ _____
I'm the Royal Boss
0%
Double Em' Up, or ___ ___ _____
Whatever you want, we're into that
Mix and Match
0%
3. 2 MEALS FOR 5.99 EACH
2 full meals 5.99 each
Whopper, _____ ______, ___ _____, Two Drinks
Royal Crispy, Two Fries
0%

Score Distribution

Percentile by Number Answered

Percent of People with Each Score

Your Score History

You have not taken this quiz